000 01350 a2200181 4500
020 _a1840224053 (paperback)
020 _a9781840224054 (paperback)
090 _c4687
_d4687
100 1 _aHardy, Thomas.
245 1 4 _aThe well-beloved /
_cThomas Hardy.
260 _a[S.l.] :
_bWordsworth Editions Ltd,
_c2000.
300 _a368 p. ;
_c20 cm.
490 1 _aWordsworth classics.
520 _aIntroduction and Notes by Jane Thomas, University of Hull The Well-Beloved completes the cycle of Hardy's great novels, reiterating his favourite themes of man's eternal quest for perfection in both love and art, and the suffering that ensues. Jocelyn Pierston, celebrated sculptor, tries to create an image of his ideal woman - his imaginary Well-Beloved - in stone, just as he tries to find her in the flesh. Powerful symbolism marks this romantic fantasy that Hardy has grounded firmly in reality with a characteristically authentic rendering of location, the Isle of Slingers, or Portland as we know it. Overt exploration of the relationship between erotic fascination and creativity makes this novel a nineteenth-century landmark in the persistent debate about art, aesthetics and gender.
830 0 _aWordsworth classics.
856 4 0 _3Amazon.com
_uhttp://www.amazon.com/exec/obidos/ASIN/1840224053/chopaconline-20
942 _aNBS
_cBK
_k823.8 HAR
999 _c347120
_d347120